USA Greatest Allies - Statistics

General Stats
  • This quiz has been taken 2,079 times
  • The average score is 8 of 10
Answer Stats
# Country % Correct
1 United Kingdom
98%
2 Canada
97%
8 France
97%
9 Germany
94%
6 Japan
90%
7 Australia
81%
5 Mexico
80%
4 South Korea
80%
3 Israel
60%
10 Philippines
27%
No matching quizzes found
Score Distribution
Percent of People with Each Score
Percentile by Number Answered
Your Score History
You have not taken this quiz